00635nam a22001937a 4500999001900000005001700019010001300036020002400049035001300073037000900086082000600095100001700101245005400118260003300172270005500205300002000260942002000280952014100300 c180821d18082120210819114737.0 aB-741142 a9789382996187c2015 aB-741142 bGift aS aPande, Shanu aClifford:bthe great Indian dog /cby Shanu Pande aNew DelhibPansy Booksc2015 aRZ 66/A, Somesh VIhar, ChhawalabNew Delhie110071 a47p.c21cm(pbk) 2ddccCHhSmPAN 001040708FICaLbLd2021-08-19eGift/Eng/09-08-2021g175.00l0oS PANpB-741142r2021-08-19 00:00:00t1v175.00w2021-08-19yCHzGift